| 000 | 00550nam a2200193 a 4500 | ||
|---|---|---|---|
| 001 | 1777027203585 | ||
| 003 | YourLibrary | ||
| 005 | 20260424161208.0 | ||
| 008 | 260424s2009##################000#0#eng## | ||
| 020 | _a9788175347502 | ||
| 082 | 0 | 4 | _a345.5402ARU |
| 100 | 1 |
_aMohan, Arun, _eauthor. |
|
| 245 | 1 | 0 | _aSome Thoughts Towards Law Reforms on the Topic of Terrorism and on the Topic of Dishonoured Cheques : |
| 260 | _c2009. | ||
| 300 | _a131 pages | ||
| 650 | 0 | _aCheck fraud. | |
| 942 | _cENGLISH | ||
| 040 |
_aYourLibrary _beng _cYourLibrary |
||
| 999 |
_c619863 _d619863 |
||